000 01053cam a2200277 a 4500
999 _c23130
_d23130
001 655943
005 20170125160527.0
008 940708s1994 caua 000 0beng
010 _a 94072058
020 _a0912449500
050 0 0 _aND237 .C18A4 1994
100 1 _aSykes, Barbara M'Cready.
245 1 0 _aHe painted Cape Cod :
_bthe life and works of Charles D. Cahoon /
_cBarbara M'Cready Sykes.
260 _aPoint Reyes Station, Calif. :
_bFloating Island Publications,
_c1994.
300 _a71 p. :
_bill. (some col.) ;
_c23 cm.
600 1 0 _aCahoon, Charles D.
650 0 _aPainters
_zUnited States
_xBiography.
650 0 _aCape Cod (Mass.) in art.
942 _2lcc
_cBOOKS